| 000 | 00498nam a22001457a 4500 | ||
|---|---|---|---|
| 008 | 140930b xxu||||| |||| 00| 0 eng d | ||
| 020 | _a0816422842 | ||
| 050 | _aBX2350.2.R34213 | ||
| 100 |
_aRahner, Karl _94800 |
||
| 245 |
_aPrayers and Meditations _ban anthology of the spiritual writings of Karl rahner _cKarl Rahner |
||
| 260 |
_aNew York _bThe Seabury Press _c1980 |
||
| 300 |
_a117p. ; _c21cm. |
||
| 650 |
_aSpiritual life _xCatholic authors _xcollected works _911906 |
||
| 942 |
_2lcc _cMONOGRAPH |
||
| 999 |
_c121030 _d121030 |
||